Modules and the structure of rings: a primer

Uloženo v:
Podrobná bibliografie
Hlavní autoři: Golan, Jonathan S (Autor), Head, Tom (Autor)
Médium: Kniha
Jazyk:angličtina
Vydáno: Nueva York Marcel Dekker 1991
Edice:Monographs and textbooks in Pure Applied Mathematics, 147
Témata:
Tagy: Přidat tag
Žádné tagy, Buďte první, kdo vytvoří štítek k tomuto záznamu!

MARC

LEADER 00000nam a2200000 a 4500
001 UCU0739
003 CL-VaPUC
008 960329e19910000US |||||||||||||||||eng|d
082 0 4 |a 512.4  |b GOL  |2 21 
100 0 |a Golan, Jonathan S  |e author  |9 356142 
700 0 |a Head, Tom  |e author  |9 356143 
245 1 0 |a Modules and the structure of rings: a primer 
300 |a 263 p 
942 |c BK 
945 |d 19960329 00:00:00  |a rbrito 
260 |a Nueva York  |b Marcel Dekker  |c 1991 
650 0 |a Álgebra  |9 259567 
650 0 |a Módulos   |9 356144 
650 7 |a HOMOMORFISMOS  |2 CL-VaPUC  |9 356145 
650 0 |a Torsión   |9 266757 
583 |a last modification  |c 19960329 00:00:00  |k Rodrigo Vera 
490 0 |a Monographs and textbooks in Pure Applied Mathematics, 147 
999 |c 245552  |d 245550 
952 |0 0  |1 0  |4 0  |6 512_400000000000000_GOL_1991  |7 0  |8 A  |9 260093  |a BIBMAT  |b BIBMAT  |d 2019-11-19  |i 3184366  |o 512.4 GOL 1991  |p 3184366  |r 2025-01-07  |w 2019-11-19  |y BK  |k MAT